|
|
|
|
| LEADER |
00000ckm a2200000 a 4500 |
| 001 |
vtls001489781 |
| 003 |
SK-MaSNL |
| 005 |
20260331204148.0 |
| 007 |
kf co |
| 008 |
231206q2005 xo g r knslo |
| 015 |
|
|
|a SNBG2006/03-00766
|
| 015 |
|
|
|a SNBG2005
|
| 035 |
|
|
|a CA41F20D-B735-4C77-8FCE-EE4833C5839D
|
| 035 |
|
|
|a urn:nbn:sk:snk-kmy191
|
| 035 |
|
|
|a urn:nbn:sk:snk-km0084b6
|
| 040 |
|
|
|a SNK
|b slo
|c SNK
|e AACR2
|
| 041 |
0 |
|
|a slo
|
| 043 |
|
|
|a e-xo---
|
| 044 |
|
|
|a xo
|c SK
|
| 080 |
|
|
|a 904
|2 1997
|
| 080 |
|
|
|a (084.121)
|2 1997
|
| 080 |
|
|
|a (434.617)
|2 1997
|
| 100 |
1 |
|
|a Tarábek, Ján,
|d 1978-
|4 pht
|9 178454
|
| 245 |
1 |
0 |
|a Štúrovo
|h grafika
|c foto Ján Tarábek
|
| 260 |
|
|
|a [Nitra]
|b FOTAR
|c [2005?]
|
| 300 |
|
|
|a 1 pohľadnica (6 čiastk. pohľadov)
|b farebná
|c 11 x 15 cm
|
| 500 |
|
|
|a Na adresnej časti uvedené: "FOTO © Ján Tarábek"
|
| 500 |
|
|
|a Rok vydania určený na základe prírastkového čísla
|
| 651 |
|
7 |
|a Štúrovo (Slovensko)
|2 SNKPH
|9 27957
|
| 655 |
|
7 |
|a pohľadnice kultúrnych pamiatok
|2 SNKPH
|9 70523
|
| 655 |
|
7 |
|a miestne pohľadnice
|2 SNKPH
|9 70510
|
| 852 |
|
|
|a Slovenská národná knižnica
|
| 958 |
|
|
|a GC
|
| 958 |
|
|
|a GBN
|
| 958 |
|
|
|a OND
|
| 999 |
|
|
|c 1162373
|d 1164303
|
| 952 |
|
|
|a SNK
|b SNK
|y PREZ
|7 0
|p 17A0455856
|o snkSP 151814
|i snk2005/792
|8 0
|0 0
|1 0
|4 0
|d 2005-01-21
|f 1
|l 0
|r 2026-02-24 20:37:52
|w 2026-02-24
|
| 952 |
|
|
|a SNK
|b SNK
|y PREZ
|7 0
|p 17A0455857
|o snkSP 151814 D1
|i snk2005/793
|8 0
|0 0
|1 0
|4 0
|d 2005-01-21
|l 0
|r 2026-02-24 20:37:52
|w 2026-02-24
|